000
00319nam a22001217a 4500
008
150526b xxu||||| |||| 00| 0 eng d
020
_a
9780071493277
020
_a
0071493271
041
0
_a
eng
080
_a
004
245
1
0
_a
Microsoft Office SharePoint Server 2007 :
_c
Ron Gilster.
942
_2
udc
_c
BK
999
_c
903
_d
903